000 00541nam a2200169 i 4500
001 140899
003 ES-MaACL
005 20230906200157.0
007 t|
008 070918s1978 ch ||||1| eng d
100 1 _aYin, Ching-Yao.
_9117637
245 1 0 _aA review of Washington-Peiping "normalization" question /
_cby Ching-yao Yin.
260 _a[Taipei] :
_bAsian Peoples' Anti-Communist League,
_c1978.
300 _a49 p. ;
_c18 cm.
651 4 _aTaiwán-
_xPolítica exterior-
_y1945-
_99420
852 _aES-MaACL
_j2097-F-14
_bR.98305
999 _c140899
_d140899